| 000 | 00635nam a2200193 4500 | ||
|---|---|---|---|
| 001 | 148861 | ||
| 003 | ES-MaACL | ||
| 005 | 20230906202837.0 | ||
| 007 | t| | ||
| 008 | 070214s1961 sp r ||||1| spa d | ||
| 100 | 1 |
_aHansoul, Bernard. _961780 |
|
| 245 | 1 | 3 |
_aEl sufrimiento, valor cristiano / _cBernard Hansoul, Louis Bertrand Geiger, August Viard ; [traducción de M. P. Muñoz]. |
| 260 |
_aBarcelona : _bFerma, _c[1961] ( _fCartongraf) |
||
| 300 |
_a319 p. ; _c24 cm. |
||
| 700 | 1 |
_aGeiger, Louis Bertrand. _956213 |
|
| 700 | 1 |
_aViard, August. _9114296 |
|
| 700 | 1 |
_aMuñoz, M. P. _984330 |
|
| 852 |
_aES-MaACL _jC-20779 _bR.49076 |
||
| 999 |
_c148861 _d148861 |
||